[Event "FRA-chT3 Gr06 0607"]
[Site "France"]
[Date "2007.03.31"]
[Round "8.4"]
[White "Benard, Anne Laurie"]
[Black "Cadiou, Jacques"]
[Result "1/2-1/2"]
[WhiteElo "2039"]
[BlackElo "2120"]
[PlyCount "93"]
[EventDate "2006.10.15"]
[EventType "team"]
[EventRounds "9"]
[EventCountry "FRA"]
[SourceTitle "EXT 2008"]
[Source "ChessBase"]
[SourceDate "2007.11.25"]
[SourceVersion "1"]
[SourceVersionDate "2007.11.25"]
[SourceQuality "1"]
[WhiteTeam "Cherbourg Octeville"]
[BlackTeam "Quimper"]
[WhiteTeamCountry "FRA"]
[BlackTeamCountry "FRA"]

1. e4 e5 2. Bc4 Nf6 3. d3 Nc6 4. Nf3 Be7 5. 0-0 d6 6. h3 h6 7. c3 0-0 8. Re1 Na5 9. Bb5 a6 10. Ba4 b5 11. Bc2 c5 12. d4 Qc7 13. Nbd2 Re8 14. Nf1 Bf8 15. Ng3 g6 16. b3 Bg7 17. Be3 Bb7 18. d5 Bc8 19. Nh2 Kh7 20. f4 exf4 21. Bxf4 Nd7 22. Bd2 Ne5 23. Nf3 Nb7 24. Bf4 Qd8 25. Rf1 Qc7 26. Re1 Qd8 27. Rc1 Qf6 28. Bxe5 dxe5 29. Nh2 Qb6 30. Kh1 Nd6 31. Rf1 Ra7 32. Ng4 Bxg4 33. Qxg4 c4 34. Qe2 Rc8 35. b4 a5 36. bxa5 Qxa5 37. Bb1 b4 38. cxb4 Qxb4 39. Qc2 Ra3 40. Rf3 Rca8 41. Rcf1 R8a7 42. Kh2 Kg8 43. Ne2 Nb5 44. Qc1 Rxf3 45. Rxf3 Nd4 46. Rf2 Nb5 47. Ng1 1/2-1/2

[Event "FRA-chT3 Gr06 0607"]
[Site "France"]
[Date "2007.02.11"]
[Round "6.5"]
[White "Benard, Anne Laurie"]
[Black "Keravec, Julien"]
[Result "1-0"]
[WhiteElo "2057"]
[BlackElo "1766"]
[PlyCount "91"]
[EventDate "2006.10.15"]
[EventType "team"]
[EventRounds "9"]
[EventCountry "FRA"]
[SourceTitle "EXT 2008"]
[Source "ChessBase"]
[SourceDate "2007.11.25"]
[SourceVersion "1"]
[SourceVersionDate "2007.11.25"]
[SourceQuality "1"]
[WhiteTeam "Cherbourg Octeville"]
[BlackTeam "Douarnenez"]
[WhiteTeamCountry "FRA"]
[BlackTeamCountry "FRA"]

1. e4 e6 2. d3 d5 3. Nd2 c5 4. Ngf3 Nc6 5. g3 Nf6 6. Bg2 dxe4 7. dxe4 Be7 8. 0-0 0-0 9. Qe2 Qc7 10. Nc4 e5 11. c3 b5 12. Ne3 c4 13. a4 Ba6 14. axb5 Bxb5 15. Nd5 Qd8 16. Rd1 Bc5 17. Bg5 Qc8 18. Nxf6+ gxf6 19. Bxf6 Qe6 20. Bg5 f6 21. Bh6 Rfd8 22. Nh4 Ne7 23. Nf5 Rab8 24. Bh3 Qf7 25. Nxe7+ Qxe7 26. Be3 Bb6 27. Bxb6 axb6 28. Bf5 Rd3 29. Qg4+ Kh8 30. Qh4 Rbd8 31. Rxd3 cxd3 32. Bxh7 d2 33. Bf5+ Kg8 34. Qg4+ Kf8 35. Qd1 Qd6 36. b3 Be8 37. Kg2 Qd3 38. Ra7 Bc6 39. Ra1 Qxc3 40. Ra7 Qd3 41. Qg4 Bxe4+ 42. Bxe4 Qxe4+ 43. Qxe4 d1Q 44. Qh7 Qd5+ 45. f3 Qd2+ 46. Kh3 1-0

[Event "Mitropa Cup (Women)"]
[Site "Brno"]
[Date "2006.09.07"]
[Round "3.4"]
[White "Benard, Anne Laurie"]
[Black "Machalova, Erika"]
[Result "1/2-1/2"]
[WhiteElo "2046"]
[BlackElo "2064"]
[PlyCount "113"]
[EventDate "2006.09.07"]
[EventType "team-tourn"]
[EventRounds "9"]
[EventCountry "CZE"]
[SourceTitle "CBM 114 Extra"]
[Source "ChessBase"]
[SourceDate "2006.11.03"]
[SourceVersion "1"]
[SourceVersionDate "2006.11.03"]
[SourceQuality "1"]
[WhiteTeam "France (W)"]
[BlackTeam "Slovakia (W) II"]
[WhiteTeamCountry "FRA"]
[BlackTeamCountry "SVK"]

1. e4 c5 2. Nc3 Nc6 3. f4 g6 4. Nf3 Bg7 5. Bc4 e6 6. f5 Nge7 7. fxe6 fxe6 8. d3 d5 9. exd5 exd5 10. Bb5 0-0 11. 0-0 Nd4 12. Bg5 Rf5 13. Qd2 Be6 14. Ba4 Nxf3+ 15. Rxf3 Rxf3 16. gxf3 Bd4+ 17. Kg2 Qb6 18. Bxe7 Qxb2 19. Rb1 Qxc3 20. Qxc3 Bxc3 21. Rxb7 c4 22. dxc4 dxc4 23. Bc6 Rc8 24. Be4 a5 25. Rb5 Re8 26. Bg5 Rc8 27. Rb6 Bf7 28. Bh6 Bb4 29. a4 Rd8 30. Rc6 Re8 31. Be3 Bc3 32. Kf2 Rd8 33. Ke2 Rb8 34. Bh6 Re8 35. Be3 Rb8 36. Bd2 Bb4 37. Bf4 Rd8 38. Be5 Re8 39. f4 Re6 40. Rc8+ Re8 41. Rxe8+ Bxe8 42. Bd5+ Kf8 43. Bxc4 Bxa4 44. c3 Bc5 45. Bc7 Bg1 46. Bxa5 Bxh2 47. Bb4+ Ke8 48. Kf3 Bd1+ 49. Ke3 Bc2 50. Be2 Bf5 51. c4 Bg1+ 52. Kf3 Kd7 53. Kg2 Be3 54. Kg3 h5 55. Bf3 h4+ 56. Kxh4 Bxf4 57. Bg4 1/2-1/2

[Event "Agneaux St Lo (Women)"]
[Site "Agneaux"]
[Date "2006.07.14"]
[Round "8"]
[White "Ivanova, Svetlana"]
[Black "Benard, Anne Laurie"]
[Result "1-0"]
[WhiteElo "2192"]
[BlackElo "2046"]
[PlyCount "91"]
[EventDate "2006.07.08"]
[EventType "tourn"]
[EventRounds "10"]
[EventCountry "FRA"]
[SourceTitle "CBM 113 Extra"]
[Source "ChessBase"]
[SourceDate "2006.09.14"]
[SourceVersion "1"]
[SourceVersionDate "2006.09.14"]
[SourceQuality "1"]

1. e4 c5 2. Nf3 g6 3. d4 cxd4 4. Nxd4 Bg7 5. Nc3 Nc6 6. Nb3 Nf6 7. Be2 0-0 8. 0-0 d6 9. Re1 Be6 10. Bf1 Qc8 11. Nd5 Re8 12. Bg5 Bxd5 13. exd5 Ne5 14. Bb5 Ned7 15. Be3 a6 16. Bf1 Ne5 17. Bd4 Qf5 18. c4 Rac8 19. Bxe5 dxe5 20. f3 e4 21. fxe4 Nxe4 22. Qe2 Nf6 23. Rad1 Ng4 24. Nd4 Qf4 25. Nf3 Bh6 26. g3 Qe3+ 27. Qxe3 Nxe3 28. Rb1 Nxf1 29. Kxf1 Rxc4 30. d6 Bf8 31. Ne5 Rd4 32. d7 Rd8 33. Rbd1 Rd6 34. Rc1 e6 35. Red1 Rxd1+ 36. Rxd1 f6 37. Nc4 Kf7 38. a3 e5 39. g4 h6 40. b4 Ke6 41. Nb6 a5 42. Rc1 axb4 43. Rc8 Ke7 44. axb4 f5 45. gxf5 gxf5 46. Ke2 1-0

[Event "Agneaux St Lo (Women)"]
[Site "Agneaux"]
[Date "2006.07.10"]
[Round "3"]
[White "Benard, Anne Laurie"]
[Black "Ivanova, Svetlana"]
[Result "0-1"]
[WhiteElo "2046"]
[BlackElo "2192"]
[PlyCount "66"]
[EventDate "2006.07.08"]
[EventType "tourn"]
[EventRounds "10"]
[EventCountry "FRA"]
[SourceTitle "CBM 113 Extra"]
[Source "ChessBase"]
[SourceDate "2006.09.14"]
[SourceVersion "1"]
[SourceVersionDate "2006.09.14"]
[SourceQuality "1"]

1. e4 c5 2. Nc3 Nc6 3. f4 g6 4. Bc4 Bg7 5. Nf3 e6 6. f5 Nge7 7. fxe6 fxe6 8. 0-0 0-0 9. d3 d5 10. Bb3 h6 11. Qe1 Nd4 12. Qh4 c4 13. Bxh6 Nxf3+ 14. Rxf3 Rxf3 15. Bxg7 Kxg7 16. gxf3 cxb3 17. exd5 Qb6+ 18. Kg2 Nf5 19. Qe4 bxc2 20. Qe5+ Kh7 21. Ne4 Qd4 22. Qc7+ Ng7 23. Ng5+ Kh6 24. Nf7+ Kh5 25. Qg3 c1Q 26. Qh3+ Qh4 27. Qxh4+ Kxh4 28. Rxc1 exd5 29. Nd6 Bh3+ 30. Kf2 Ne6 31. b3 Rf8 32. Nxb7 Bg4 33. Rg1 Rxf3+ 0-1

[Event "Agneaux St Lo (Women)"]
[Site "Agneaux"]
[Date "2006.07.10"]
[Round "4"]
[White "Perrusset, Barbara"]
[Black "Benard, Anne Laurie"]
[Result "0-1"]
[WhiteElo "1896"]
[BlackElo "2046"]
[PlyCount "70"]
[EventDate "2006.07.08"]
[EventType "tourn"]
[EventRounds "10"]
[EventCountry "FRA"]
[SourceTitle "CBM 113 Extra"]
[Source "ChessBase"]
[SourceDate "2006.09.14"]
[SourceVersion "1"]
[SourceVersionDate "2006.09.14"]
[SourceQuality "1"]

1. d4 Nf6 2. c4 e6 3. Nf3 Bb4+ 4. Bd2 Qe7 5. g3 Bxd2+ 6. Nbxd2 d6 7. e4 Nc6 8. Bg2 e5 9. d5 Nb8 10. 0-0 0-0 11. b4 a5 12. a3 Na6 13. Ne1 Bg4 14. f3 Bd7 15. Nd3 axb4 16. axb4 Kh8 17. Nb3 Ng8 18. f4 f5 19. fxe5 dxe5 20. b5 Nb4 21. Rxa8 Rxa8 22. exf5 Nxd3 23. Qxd3 Ra3 24. Ra1 Rxa1+ 25. Nxa1 Qc5+ 26. Kh1 Nf6 27. Nb3 Qf2 28. Qf3 Qe1+ 29. Qf1 Qb4 30. Qd3 e4 31. Qd1 Ng4 32. Kg1 Bxf5 33. Nd4 Qc5 34. Bxe4 Bxe4 35. Qxg4 Qxd4+ 0-1

[Event "Breizh Masters (Women) 4th"]
[Site "Guingamp"]
[Date "2006.02.28"]
[Round "3"]
[White "Le Bail, Clara"]
[Black "Benard, Anne Laurie"]
[Result "0-1"]
[WhiteElo "1937"]
[BlackElo "2081"]
[PlyCount "88"]
[EventDate "2006.02.26"]
[EventType "tourn"]
[EventRounds "9"]
[EventCountry "FRA"]
[SourceTitle "CBM 111 Extra"]
[Source "ChessBase"]
[SourceDate "2006.05.09"]
[SourceVersion "1"]
[SourceVersionDate "2006.05.09"]
[SourceQuality "1"]

1. c4 Nf6 2. Nc3 e6 3. e4 d6 4. Nf3 e5 5. g3 Be7 6. Bg2 0-0 7. 0-0 Nc6 8. h3 Be6 9. b3 h6 10. d4 exd4 11. Nxd4 Nxd4 12. Qxd4 Qd7 13. Kh2 Nh7 14. f4 f5 15. Nd5 Bd8 16. Bb2 fxe4 17. Qxe4 c6 18. Nc3 Bf5 19. Qf3 Bc7 20. Rae1 Rae8 21. Qd1 Nf6 22. Ba3 a6 23. Qd4 b5 24. Rd1 b4 25. Bxb4 c5 26. Bxc5 dxc5 27. Qxc5 Qc8 28. Rfe1 Bd7 29. Nd5 Nxd5 30. cxd5 Rf5 31. Rxe8+ Bxe8 32. Rc1 Bd7 33. Qa7 Qe8 34. Rxc7 Rf7 35. Qxa6 Re7 36. Qd6 Rf7 37. Qe5 Re7 38. Qd6 Re2 39. Qa6 Bxh3 40. Rxg7+ Kxg7 41. Qb7+ Kh8 42. Qb4 Bxg2 43. Qd4+ Kg8 44. g4 Bxd5+ 0-1

[Event "Agneaux St Lo op"]
[Site "Agneaux"]
[Date "2005.07.16"]
[Round "9"]
[White "Benard, Anne Laurie"]
[Black "Angelov, Angel"]
[Result "0-1"]
[WhiteElo "2038"]
[BlackElo "2230"]
[PlyCount "50"]
[EventDate "2005.07.08"]
[EventType "swiss"]
[EventRounds "9"]
[EventCountry "FRA"]
[SourceTitle "CBM 107 Extra"]
[Source "ChessBase"]
[SourceDate "2005.09.01"]
[SourceVersion "1"]
[SourceVersionDate "2005.09.01"]
[SourceQuality "1"]

1. e4 c5 2. Nc3 Nc6 3. f4 g6 4. Nf3 Bg7 5. Bc4 e6 6. f5 Nge7 7. fxe6 fxe6 8. d3 0-0 9. 0-0 d5 10. exd5 exd5 11. Bb3 h6 12. h3 Kh7 13. Ne2 Qd6 14. c3 d4 15. cxd4 cxd4 16. Qe1 Nf5 17. g4 Ne3 18. Qh4 Ne5 19. Nexd4 Nxf1 20. Bxh6 Nxf3+ 21. Nxf3 Qg3+ 22. Qxg3 Nxg3 23. Ng5+ Kxh6 24. Nf7+ Rxf7 25. Bxf7 Ne2+ 0-1

[Event "Agneaux St Lo op"]
[Site "Agneaux"]
[Date "2005.07.08"]
[Round "1"]
[White "Sanduleac, Vasile"]
[Black "Benard, Anne Laurie"]
[Result "1-0"]
[WhiteElo "2480"]
[BlackElo "2038"]
[PlyCount "47"]
[EventDate "2005.07.08"]
[EventType "swiss"]
[EventRounds "9"]
[EventCountry "FRA"]
[SourceTitle "CBM 107 Extra"]
[Source "ChessBase"]
[SourceDate "2005.09.01"]
[SourceVersion "1"]
[SourceVersionDate "2005.09.01"]
[SourceQuality "1"]

1. e4 Nf6 2. e5 Nd5 3. d4 d6 4. Nf3 g6 5. Bc4 Nb6 6. Bb3 Bg7 7. Ng5 e6 8. f4 h6 9. Nf3 c5 10. dxc5 dxc5 11. Qxd8+ Kxd8 12. Na3 Nd5 13. c4 Nb4 14. Be3 Nd7 15. 0-0-0 Ke7 16. Nb5 f6 17. Rxd7+ Bxd7 18. Bxc5+ Kf7 19. Nd6+ Kg8 20. Bxb4 Bc6 21. c5 Bxf3 22. gxf3 fxe5 23. f5 gxf5 24. Bxe6+ 1-0

[Event "FRA-ch (Women)"]
[Site "Saint Quentin"]
[Date "2005.06.24"]
[Round "5"]
[White "Benard, Anne Laurie"]
[Black "Benmesbah, Natacha"]
[Result "0-1"]
[WhiteElo "2380"]
[BlackElo "2010"]
[PlyCount "74"]
[EventDate "2005.06.24"]
[EventType "swiss (rapid)"]
[EventRounds "9"]
[EventCountry "FRA"]
[SourceTitle "EXT 2007"]
[Source "ChessBase"]
[SourceDate "2006.11.23"]
[SourceVersion "1"]
[SourceVersionDate "2006.11.23"]
[SourceQuality "1"]

1. e4 c5 2. Nc3 Nc6 3. f4 g6 4. Bc4 Bg7 5. Nf3 e6 6. f5 Nge7 7. fxe6 fxe6 8. d3 d5 9. exd5 exd5 10. Bb3 0-0 11. Bg5 Qd6 12. Qe2 Bg4 13. 0-0-0 a6 14. Rhe1 Rae8 15. Qe4 Bf5 16. Qh4 Kh8 17. Bf4 Qd7 18. Ng5 h6 19. Nf3 Kh7 20. Ng5+ Kh8 21. h3 Kg8 22. Nf3 Kh7 23. g4 Bxg4 24. hxg4 Rxf4 25. Ng5+ Kh8 26. Ne6 Rf6 27. Nxg7 Kxg7 28. g5 hxg5 29. Qxg5 Qf5 30. Qxf5 Rxf5 31. Nxd5 Re5 32. Nf4 Nf5 33. Rg1 Nce7 34. Rdf1 Nd4 35. Rg2 Rf8 36. Nxg6 Rxf1+ 37. Kd2 Nxg6 0-1

[Event "Breizh Masters (Women) 3rd"]
[Site "Guingamp"]
[Date "2005.02.25"]
[Round "8"]
[White "Benard, Anne Laurie"]
[Black "Le Diouron, Aurelie"]
[Result "1/2-1/2"]
[WhiteElo "2078"]
[BlackElo "1994"]
[PlyCount "82"]
[EventDate "2005.02.18"]
[EventType "tourn"]
[EventRounds "9"]
[EventCountry "FRA"]
[SourceTitle "EXT 2006"]
[Source "ChessBase"]
[SourceDate "2005.11.24"]
[SourceVersion "1"]
[SourceVersionDate "2005.11.24"]
[SourceQuality "1"]

1. e4 e5 2. Nf3 Nc6 3. Bc4 Nf6 4. d3 Bc5 5. 0-0 d6 6. h3 Na5 7. Bb5+ c6 8. Ba4 b5 9. Bb3 Nxb3 10. axb3 0-0 11. c3 Re8 12. b4 Bb6 13. Re1 h6 14. c4 Bc7 15. Nc3 a6 16. cxb5 cxb5 17. Nxb5 Bb6 18. Nc3 Bb7 19. b5 axb5 20. Rxa8 Bxa8 21. Nxb5 d5 22. exd5 Qxd5 23. Nc3 Qd6 24. Be3 Ba5 25. Bd2 Qxd3 26. Nxe5 Qd4 27. Ng4 Rxe1+ 28. Qxe1 Nxg4 29. hxg4 Bc6 30. Qe2 Bd7 31. g5 hxg5 32. Be3 Qe5 33. Qd2 Bc6 34. Bxg5 Bc7 35. g3 f6 36. Bf4 Qh5 37. f3 Bb6+ 38. Be3 Bxe3+ 39. Qxe3 Bxf3 40. Kf2 Bg4 41. Qe4 Qh2+ 1/2-1/2

[Event "Breizh Masters (Women) 3rd"]
[Site "Guingamp"]
[Date "2005.02.23"]
[Round "6"]
[White "Benard, Anne Laurie"]
[Black "Makropoulou, Marina"]
[Result "0-1"]
[WhiteElo "2078"]
[BlackElo "2237"]
[PlyCount "58"]
[EventDate "2005.02.18"]
[EventType "tourn"]
[EventRounds "9"]
[EventCountry "FRA"]
[SourceTitle "EXT 2006"]
[Source "ChessBase"]
[SourceDate "2005.11.24"]
[SourceVersion "1"]
[SourceVersionDate "2005.11.24"]
[SourceQuality "1"]

1. e4 d5 2. exd5 Qxd5 3. Nc3 Qa5 4. d4 c6 5. Nf3 Bf5 6. Bc4 e6 7. Bd2 Qc7 8. Qe2 Nf6 9. d5 cxd5 10. Bxd5 Be7 11. Nd4 Bg4 12. Qb5+ Nbd7 13. Bb3 0-0 14. 0-0 Nc5 15. Qc4 a6 16. Rfe1 Rac8 17. Qf1 Rfd8 18. Be3 e5 19. Nde2 Nxb3 20. axb3 Bf5 21. Rac1 Ng4 22. Ng3 Bg6 23. Qe2 f5 24. Nf1 Nf6 25. Nd2 f4 26. Ba7 b5 27. Nf3 Qb7 28. Nxe5 Bh5 29. Nf3 Bc5 0-1

[Event "Breizh Masters (Women) 3rd"]
[Site "Guingamp"]
[Date "2005.02.20"]
[Round "3"]
[White "Benard, Anne Laurie"]
[Black "Moussard, Jules"]
[Result "0-1"]
[WhiteElo "2078"]
[BlackElo "2015"]
[PlyCount "74"]
[EventDate "2005.02.18"]
[EventType "tourn"]
[EventRounds "9"]
[EventCountry "FRA"]
[SourceTitle "EXT 2006"]
[Source "ChessBase"]
[SourceDate "2005.11.24"]
[SourceVersion "1"]
[SourceVersionDate "2005.11.24"]
[SourceQuality "1"]

1. e4 c5 2. Nc3 Nc6 3. f4 g6 4. Bc4 Bg7 5. Nf3 e6 6. f5 Nge7 7. fxe6 dxe6 8. d3 0-0 9. 0-0 a6 10. Qe1 Nd4 11. Nxd4 cxd4 12. Ne2 b5 13. Bb3 Nc6 14. Bd2 e5 15. Bd5 Qc7 16. a4 Be6 17. axb5 axb5 18. Rc1 Bxd5 19. exd5 Ne7 20. Bb4 Nxd5 21. Bxf8 Bxf8 22. c3 Bh6 23. Rb1 Ne3 24. Rf3 Rd8 25. cxd4 exd4 26. Qh4 Bg7 27. Rc1 Qd7 28. Qg3 Rc8 29. Qe1 Bh6 30. Rxc8+ Qxc8 31. Qh4 Qc2 32. Qd8+ Bf8 33. Qxd4 Qd1+ 34. Kf2 Nc2 35. Kg3 Nxd4 36. Nxd4 Bd6+ 37. Kh3 Qa4 0-1

[Event "Agneaux St Lo (Women)"]
[Site "Agneaux"]
[Date "2004.07.15"]
[Round "8"]
[White "Benard, Anne Laurie"]
[Black "Sorokina, Anastasia"]
[Result "0-1"]
[WhiteElo "2074"]
[BlackElo "2188"]
[PlyCount "34"]
[EventDate "2004.07.08"]
[EventType "tourn"]
[EventRounds "9"]
[EventCountry "FRA"]
[SourceTitle "EXT 2005"]
[Source "ChessBase"]
[SourceDate "2004.11.15"]
[SourceVersion "1"]
[SourceVersionDate "2004.11.15"]
[SourceQuality "1"]

1. e4 c5 2. Nc3 a6 3. a4 e6 4. Bc4 Ne7 5. d3 d5 6. Bb3 b6 7. Bg5 Bb7 8. exd5 f6 9. Bh4 Nxd5 10. Ne4 Qd7 11. Nf3 Be7 12. Nc3 Nc6 13. 0-0 0-0-0 14. Re1 g5 15. Bg3 h5 16. h4 g4 17. Nd2 Na5 0-1